000 00201nam a2200085Ia 4500
008 250605s9999 xx 000 0 und d
041 _aeng
100 _aVarun Vikram Pandey
245 _aKotak Mahindra Bank
999 _c46432
_d46432